[Event "Brasiliense sf 02"]
[Site "Brazil"]
[Date "2009.07.12"]
[Round "6"]
[White "Nascimento, Davi da Silva"]
[Black "Bissacot, Sidnei"]
[Result "1-0"]
[WhiteElo "2129"]
[BlackElo "2163"]
[PlyCount "143"]
[EventDate "2009.07.04"]
[EventType "swiss"]
[EventRounds "7"]
[EventCountry "BRA"]
[SourceTitle "EXT 2012"]
[Source "ChessBase"]
[SourceDate "2011.11.24"]
[SourceVersion "1"]
[SourceVersionDate "2011.11.24"]
[SourceQuality "1"]

1. e4 c5 2. Nf3 Nc6 3. Bb5 d6 4. Bxc6+ bxc6 5. d4 Ba6 6. dxc5 Qa5+ 7. Nc3 Nf6 8. cxd6 0-0-0 9. e5 Nd5 10. Bd2 exd6 11. Ng5 Nb4 12. Nxf7 Re8 13. a3 Rxe5+ 14. Nxe5 Qxe5+ 15. Be3 Nd5 16. Nxd5 cxd5 17. Qg4+ Kc7 18. Qd4 Qxd4 19. Bxd4 Be7 20. 0-0-0 Rf8 21. Rhe1 Bg5+ 22. Kb1 Bc4 23. b3 Bb5 24. g3 Rf7 25. f4 Bd8 26. a4 Bd7 27. h4 a6 28. a5 Kc6 29. b4 Kb5 30. c3 Kc4 31. Kb2 h6 32. Rd2 g5 33. hxg5 hxg5 34. Rf1 g4 35. Rh1 Bf5 36. Rh8 Bc7 37. Bb6 Bxb6 38. axb6 Be4 39. Rc8+ Kb5 40. Rc7 Rf8 41. b7 Rb8 42. Rg7 Kc6 43. Rxg4 Rxb7 44. Rg8 a5 45. Rd4 a4 46. Rd2 Rh7 47. Ka3 Kb5 48. Rb8+ Kc4 49. Rc8+ Kb5 50. Rd4 Rg7 51. c4+ dxc4 52. Rb8+ Bb7 53. Rxb7+ Rxb7 54. Rxd6 Rc7 55. Rd5+ Kb6 56. Kxa4 c3 57. Rd1 Rg7 58. Rd6+ Kb7 59. Kb3 Rxg3 60. Rd4 Kb6 61. Rc4 Rf3 62. Re4 Kc6 63. Re6+ Kd5 64. Rc6 Ke4 65. Kc2 Rxf4 66. Rc4+ Ke5 67. Rxf4 Kxf4 68. Kxc3 Ke5 69. Kc4 Kd6 70. Kb5 Kc7 71. Ka6 Kb8 72. Kb6 1-0

[Event "Brasilia Taca BCX op"]
[Site "Brasilia"]
[Date "2006.??.??"]
[Round "9"]
[White "Bissacot, Sidnei"]
[Black "Machado, Gilmar Dias"]
[Result "0-1"]
[WhiteElo "2205"]
[BlackElo "1975"]
[PlyCount "112"]
[EventDate "2006.??.??"]
[EventType "swiss"]
[EventRounds "10"]
[EventCountry "BRA"]
[SourceTitle "EXT 2008"]
[Source "ChessBase"]
[SourceDate "2007.11.25"]
[SourceVersion "1"]
[SourceVersionDate "2007.11.25"]
[SourceQuality "1"]

1. e4 e5 2. Nf3 Nc6 3. d4 exd4 4. Nxd4 Bc5 5. Nxc6 Qf6 6. Qf3 Qxf3 7. gxf3 dxc6 8. Rg1 Bd4 9. c3 Bf6 10. Bf4 g6 11. Bxc7 Be6 12. Nd2 Rc8 13. Bd6 Ne7 14. e5 Bg7 15. Ne4 Rd8 16. Nc5 Bc8 17. Bc4 b6 18. Ne4 Nf5 19. 0-0-0 h6 20. Rge1 Be6 21. Bxe6 fxe6 22. Rg1 Kf7 23. f4 Bf8 24. Bc7 Rxd1+ 25. Rxd1 Be7 26. Nf6 g5 27. Rd7 gxf4 28. Ne4 Kg6 29. Bd6 Bxd6 30. exd6 a5 31. Rc7 Rd8 32. Rxc6 b5 33. Rb6 a4 34. Rxb5 Nxd6 35. Rb4 Nxe4 36. Rxe4 Kf5 37. Rxa4 e5 38. Kc2 Kg4 39. Re4 Kf3 40. Rxe5 Kxf2 41. Rf5 f3 42. Rf6 h5 43. h4 Rd5 44. b4 Kg2 45. a4 f2 46. Rg6+ Kf3 47. Rf6+ Ke3 48. a5 Rd2+ 49. Kc1 Ra2 50. a6 Rxa6 51. Rxf2 Kxf2 52. Kc2 Ke3 53. Kb3 Kd3 54. b5 Ra8 55. c4 Kd4 56. Kb4 Rc8 0-1

[Event "Brasilia Taca BCX op"]
[Site "Brasilia"]
[Date "2006.??.??"]
[Round "3"]
[White "Villar de Sa, Antonio"]
[Black "Bissacot, Sidnei"]
[Result "0-1"]
[WhiteElo "2065"]
[BlackElo "2205"]
[PlyCount "92"]
[EventDate "2006.??.??"]
[EventType "swiss"]
[EventRounds "10"]
[EventCountry "BRA"]
[SourceTitle "EXT 2008"]
[Source "ChessBase"]
[SourceDate "2007.11.25"]
[SourceVersion "1"]
[SourceVersionDate "2007.11.25"]
[SourceQuality "1"]

1. d4 d5 2. c4 e6 3. Nc3 Nf6 4. Nf3 c5 5. cxd5 Nxd5 6. e4 Nxc3 7. bxc3 cxd4 8. cxd4 Bb4+ 9. Bd2 Bxd2+ 10. Qxd2 0-0 11. Bc4 Nc6 12. 0-0 b6 13. Rac1 Bb7 14. Rfd1 Rc8 15. Qe2 Qe7 16. d5 exd5 17. Bxd5 Na5 18. Qb5 Rfd8 19. Rxc8 Rxc8 20. Bxb7 Nxb7 21. e5 h6 22. h3 Nc5 23. a4 Qe8 24. Ra1 Nd7 25. Qa6 Rc7 26. a5 Nc5 27. Qc4 b5 28. Qd5 Qd7 29. Rd1 Qxd5 30. Rxd5 a6 31. Nd4 Nb7 32. Nxb5 axb5 33. a6 b4 34. axb7 Rxb7 35. Rd2 Kf8 36. f4 Ke7 37. Kf2 Ke6 38. Ke3 b3 39. Rb2 Kd5 40. Kd3 g5 41. g3 gxf4 42. gxf4 h5 43. Kc3 Ke4 44. Re2+ Kf3 45. Rb2 Kxf4 46. Rf2+ Kg3 0-1